Le théatre d'opéra (Record no. 104898)

MARC details
000 -LEADER
campo de control de longitud fija 00616nam a2200193 i 4500
001 - NÚMERO DE CONTROL
campo de control 104898
003 - IDENTIFICADOR DE NÚMERO DE CONTROL
campo de control ES-MaACL
005 - FECHA Y HORA DE LA ÚLTIMA TRANSACCIÓN
campo de control 20230906183723.0
007 - CAMPO FIJO DE DESCRIPCIÓN FÍSICA--INFORMACIÓN GENERAL
campo de control de longitud fija t|
008 - DATOS DE LONGITUD FIJA--INFORMACIÓN GENERAL
campo de control de longitud fija 060523s1946 fr ||||1| fre d
080 ## - NÚMERO DE LA CLASIFICACIÓN DECIMAL UNIVERSAL
Número de la Clasificación Decimal Universal 782.1(091)
100 1# - ENTRADA PRINCIPAL--NOMBRE DE PERSONA
Nombre de persona Horowicz, Bronislaw.
9 (RLIN) 64238
245 13 - MENCIÓN DEL TÍTULO
Título Le théatre d'opéra
Resto del título : histoire, réalisations scéniques, possibilités /
Mención de responsabilidad, etc. Bronislaw Horowicz.
260 ## - PUBLICACIÓN, DISTRIBUCIÓN, ETC.
Lugar de publicación, distribución, etc. Paris :
Nombre del editor, distribuidor, etc. Editions de Flore,
Fecha de publicación, distribución, etc. 1946.
300 ## - DESCRIPCIÓN FÍSICA
Extensión 270 p. :
Otras características físicas il. ;
Dimensiones 22 cm.
500 ## - NOTA GENERAL
Nota general Biblioteca Jacinto Martínez Lacalle.
650 #4 - PUNTO DE ACCESO ADICIONAL DE MATERIA--TÉRMINO DE MATERIA
Término de materia o nombre geográfico como elemento de entrada Ópera-
Subdivisión general Historia.
9 (RLIN) 15712
852 ## - LOCALIZACIÓN
Ubicación ES-MaACL
Número de control de estantería E-11221
Sublocalización o colección R.138926
Holdings
Estatus retirado Estado de pérdida Estado de daño No para préstamo Biblioteca de origen Biblioteca actual Ubicación en estantería Fecha de adquisición Fuente de adquisición Total de préstamos Signatura topográfica completa Código de barras Visto por última vez Precio de reemplazo Tipo de ítem Koha
        Biblioteca del Ateneo de Madrid Biblioteca del Ateneo de Madrid Depósito 2 17/01/2008     E-11221 1109512 23/02/2023 23/02/2023 Libro impreso